000 00539nam a22001457a 4500
999 _c4500
_d4500
008 161108b xxu||||| |||| 00| 0 eng d
020 _a0-7879-6462-X
082 _a327.116 BAN
100 _aBamford, James.-
245 _aMastering Alliance Strategy:
_bA Comprehensive Guide to Design, Management, and Organization/
_cJames D. Bamford, Benjamin Gomes-Casseres, Michael S. Robinson.-
_hEnglish.
260 _aSan Fransisco:
_bJossey-Bass,
_c2003.
300 _a410p.;
_bill.;
_c24cm.-
650 _2International relations
942 _2ddc
_cBOOKS